Mittellateinisches Wörtenbuch

Saved in:
Bibliografiske detaljer
Main Authors: Prinz, Otto (Author), Schneider, Johannes (Author)
Format: Bog
Sprog:tysk
latin
Udgivet: Múnich C. H. Beck 1967
Fag:
Tags: Tilføj Tag
Ingen Tags, Vær først til at tagge denne postø!

MARC

LEADER 00000nam a2200000 a 4500
001 UCN7282
003 CL-VaPUC
008 011012e19670000GW |||||||||||||||||ger|d
041 0 7 |a ger  |2 CL-VaPUC 
041 0 7 |a lat  |2 CL-VaPUC 
082 0 4 |a 473.31  |b PRI  |2 21 
100 0 |a Prinz, Otto  |e author  |9 463178 
700 0 |a Schneider, Johannes  |e author  |9 463179 
245 1 0 |a Mittellateinisches Wörtenbuch 
300 |a v 
942 |c BK 
945 |d 20011012 00:00:00  |a crobeson 
260 |a Múnich  |b C. H. Beck  |c 1967 
500 |a v.1: A-B 
500 |a v.2 p.1: c-canicula 
500 |a v.2 p.2: canicularis-casalinus 
500 |a v.2 p.3: casalis-cereus 
500 |a v.2 p.4: cereus-cirrus 
500 |a v.2 p.5: cirrus-cognoscibilitas 
500 |a v.2 p.6: cognoscitivus-commilito 
500 |a v.2 p.7: commilito-comprovincialis 
500 |a ind: Abkützungs- und Quellenverzeichnisse 
650 7 |a DICCIONARIOS LATIN-ALEMAN  |2 CL-VaPUC  |9 463180 
583 |a last modification  |c 20011012 00:00:00  |k Rodrigo Vera 
999 |c 297682  |d 297680 
952 |0 0  |1 0  |4 0  |6 473_310000000000000_PRI_1967  |7 0  |8 A  |9 352609  |a BIBHIS  |b BIBHIS  |d 2019-11-21  |h v.1  |i 3709965  |o 473.31 PRI 1967  |p 3709965  |r 2025-01-20  |w 2019-11-21  |y BK  |k HIS 
952 |0 0  |1 0  |4 0  |6 473_310000000000000_PRI_1967  |7 0  |8 A  |9 352610  |a BIBHIS  |b BIBHIS  |d 2019-11-21  |h v.2 p.1  |i 3709981  |o 473.31 PRI 1967  |p 3709981  |r 2025-01-20  |w 2019-11-21  |y BK  |k HIS 
952 |0 0  |1 0  |4 0  |6 473_310000000000000_PRI_1967  |7 0  |8 A  |9 352611  |a BIBHIS  |b BIBHIS  |d 2019-11-21  |h v.2 p.2  |i 370999K  |o 473.31 PRI 1967  |p 370999K  |r 2025-01-20  |w 2019-11-21  |y BK  |k HIS 
952 |0 0  |1 0  |4 0  |6 473_310000000000000_PRI_1967  |7 0  |8 A  |9 352612  |a BIBHIS  |b BIBHIS  |d 2019-11-21  |h v.2 p.3  |i 3710009  |o 473.31 PRI 1967  |p 3710009  |r 2025-01-20  |w 2019-11-21  |y BK  |k HIS 
952 |0 0  |1 0  |4 0  |6 473_310000000000000_PRI_1967  |7 0  |8 A  |9 352613  |a BIBHIS  |b BIBHIS  |d 2019-11-21  |h v.2 p.4  |i 3710017  |o 473.31 PRI 1967  |p 3710017  |r 2025-01-20  |w 2019-11-21  |y BK  |k HIS 
952 |0 0  |1 0  |4 0  |6 473_310000000000000_PRI_1967  |7 0  |8 A  |9 352614  |a BIBHIS  |b BIBHIS  |d 2019-11-21  |h v.2 p.5  |i 3710025  |o 473.31 PRI 1967  |p 3710025  |r 2025-01-20  |w 2019-11-21  |y BK  |k HIS 
952 |0 0  |1 0  |4 0  |6 473_310000000000000_PRI_1967  |7 0  |8 A  |9 352615  |a BIBHIS  |b BIBHIS  |d 2019-11-21  |h v.2 p.6  |i 3710033  |o 473.31 PRI 1967  |p 3710033  |r 2025-01-20  |w 2019-11-21  |y BK  |k HIS 
952 |0 0  |1 0  |4 0  |6 473_310000000000000_PRI_1967  |7 0  |8 A  |9 352616  |a BIBHIS  |b BIBHIS  |d 2019-11-21  |h v.2 p.7  |i 3710041  |o 473.31 PRI 1967  |p 3710041  |r 2025-01-20  |w 2019-11-21  |y BK  |k HIS 
952 |0 0  |1 0  |4 0  |6 473_310000000000000_PRI_1967  |7 0  |8 A  |9 352617  |a BIBHIS  |b BIBHIS  |d 2019-11-21  |h ind  |i 3709973  |o 473.31 PRI 1967  |p 3709973  |r 2025-01-20  |w 2019-11-21  |y BK  |k HIS